Kadry dlja rynka.

V ZSSR sa výchovou kvalifikovaných riadiacich kádrov okrem vysokých škôl zaoberajú aj komerčne zamerané školy podnikania, managementu, marketingu. Beseda s riaditeľom Asociácie škôl medzinárodného obchodu ZSSR A.V. Manukovskim o potrebe kádrov "pre trh", o štruktúre zariadení pripravujúcich špeciali...

Ausführliche Beschreibung

Gespeichert in:
Bibliographische Detailangaben
1. Verfasser: Manukovskij, S.
Format: Buchkapitel
Sprache:Russisch
Schlagworte:
Tags: Tag hinzufügen
Keine Tags, Fügen Sie das erste Tag hinzu!

MARC

LEADER 00000naa a2200000 4500
001 r006378
005 20221208122428.5
041 0 |a rus 
044 |a [SU] 
245 1 0 |a Kadry dlja rynka.  |c S. Manukovskij 
520 |a V ZSSR sa výchovou kvalifikovaných riadiacich kádrov okrem vysokých škôl zaoberajú aj komerčne zamerané školy podnikania, managementu, marketingu. Beseda s riaditeľom Asociácie škôl medzinárodného obchodu ZSSR A.V. Manukovskim o potrebe kádrov "pre trh", o štruktúre zariadení pripravujúcich špecialistov pre podnikanie, o koordinácii medzi nimi, o certifikácii a atestácii škôl podnikania. 
610 2 0 |a hospodárstvo trhové 
610 2 0 |a vzdelanie ekonomické 
610 2 0 |a pracovníci riadiaci 
610 2 0 |a podnikanie 
610 2 0 |a ZSSR 
100 1 |a Manukovskij, S.